000 00448pam a2200157a 44500
008 230515b2019 xxu||||| |||| 00| 0 eng d
020 _aNULL
041 _aENGLISH
082 _a000
100 _aMINISTRY OF AYUSH
245 _aPROTOCOL FOR PREVENTION AND CONTROL OF DIABETES THROUGH AYURVEDA
250 _aI
260 _aNEW DELHI
_bNULL
_c2019
300 _a68
650 _aPROTOCOL FOR PREVENTION AND CONTROL OF DIABETES THROUGH AYURVEDA
999 _c502272
_d502272